Championnat du Monde de Handball - 4 premières places - Statistiques

Statistiques générales
  • Ce quiz a été pris 5 454 fois
    1 392 depuis la dernière actualisation
  • Le résultat moyen est 15 sur 22
Statistiques - réponses
Pays % Correct
France
100%
Danemark
98%
Allemagne
97%
Suède
96%
Espagne
95%
Norvège
94%
Croatie
86%
Portugal
83%
Russie
82%
Hongrie
70%
Pologne
69%
Égypte
64%
Slovénie
64%
Autriche
60%
Union Soviétique
60%
Suisse
59%
Qatar
56%
Yougoslavie
55%
Roumanie
53%
Tchécoslovaquie
42%
Allemagne de l'Est
35%
Tunisie
29%
Aucun quiz correspondant
Distribution des résultats
% des personnes avec chaque résultat
Percentile par nombre de réponses
Votre historique - résultats
Vous n’avez pas pris ce quiz depuis la dernière actualisation